01448nam a2200313Ia 4500001001200000003000800012006001900020007001500039008004100054010001700095020001500112040002100127035002000148050002700168082001900195245025800214260005600472300002200528490001900550504004100569533015200610650007200762650007000834650003800904655002900942710001700971830002000988856012601008ebr10038715CaPaEBRm u cr cn|||||||||010823s2000 dcua sb 000 0 eng d z 2001276078 z0309072921 aCaPaEBRcCaPaEBR a(OCoLC)5611812714aQ127.U6bS31446 2000eb04a338.973/0622100aScience and technology in the national interesth[electronic resource] :bthe presidential appointment process /cCommittee on Science, Engineering, and Public Policy, National Academy of Sciences, National Academy of Engineering, Institute of Medicine. aWashington, D.C. :bNational Academy Press,cc2000. aix, 22 p. :bill.1 aCompass series aIncludes bibliographical references. aElectronic reproduction.bPalo Alto, Calif. :cebrary,d2009.nAvailable via World Wide Web.nAccess may be limited to ebrary affiliated libraries. 0aScientists in governmentxSelection and appointmentzUnited States. 0aGovernment consultantsxSelection and appointmentzUnited States. 0aScience and statezUnited States. 7aElectronic books.2local2 aebrary, Inc. 0aCompass series.40uhttp://site.ebrary.com/lib/rucke/Doc?id=10038715zAn electronic book accessible through the World Wide Web; click to view